书目信息 |
| 题名: |
蜜蜂生物学
|
|
| 作者: | 李建科 , 马川 译著 | |
| 分册: | ||
| 出版信息: | 郑州 中原农民出版社 2018 |
|
| 页数: | 222页 | |
| 开本: | 25cm | |
| 丛书名: | 中国蜜蜂资源与利用丛书 | |
| 单 册: | ||
| 中图分类: | Q969.54 | |
| 科图分类: | ||
| 主题词: | 蜜蜂--mi feng--生物学 | |
| 电子资源: | ||
| ISBN: | 978-7-5542-1905-8 | |
| 000 | 01301nam 2200313 450 | |
| 001 | 012001003659 | |
| 005 | 20131105095316.0 | |
| 010 | @a978-7-5542-1905-8@dCNY118.00 | |
| 099 | @aCAL 012019058419 | |
| 100 | @a20190111d2018 em y0chiy50 ea | |
| 101 | 0 | @achi |
| 102 | @aCN@b410000 | |
| 105 | @aak a 000yy | |
| 106 | @ar | |
| 200 | 1 | @a蜜蜂生物学@Ami feng sheng wu xue@d= The honeybee biology@f李建科, 马川译著@zeng |
| 210 | @a郑州@c中原农民出版社@d2018 | |
| 215 | @a222页@c图 (部分彩图)@d25cm | |
| 225 | 2 | @a中国蜜蜂资源与利用丛书@Azhong guo mi feng zi yuan yu li yong cong shu |
| 300 | @a国家出版基金项目 | |
| 320 | @a有书目 (第191-222页) | |
| 330 | @a本书主要介绍了本书依据国内外近年来的最新研究成果, 以美国《蜂箱与蜜蜂》一书为主, 结合作者生产和科研实践, 翻译整理了《蜜蜂生物学》一书。书中采用了大量形象生动的高质量照片, 使读者能一目了然地了解蜜蜂生物学的现象和本质。本书从蜜蜂种群演化、个体生物学、群体生物学系统介绍了蜜蜂生物学的重要知识, 对养蜂从业者和科研工作者都具有较好的借鉴。 | |
| 410 | 0 | @12001 @a中国蜜蜂资源与利用丛书 |
| 510 | 1 | @aHoneybee biology@zeng |
| 606 | 0 | @a蜜蜂@Ami feng@x生物学 |
| 690 | @aQ969.54@v5 | |
| 701 | 0 | @a李建科@Ali jian ke@4译著 |
| 701 | 0 | @a马川@Ama chuan@4译著 |
| 801 | 0 | @aCN@b上海新华@c20191020 |
| 905 | @b1206161-4@dQ969.54@e63@f4 | |
| 蜜蜂生物学= The honeybee biology/李建科, 马川译著.-郑州:中原农民出版社,2018 |
| 222页:图 (部分彩图);25cm.-(中国蜜蜂资源与利用丛书) |
| 国家出版基金项目 |
| ISBN 978-7-5542-1905-8:CNY118.00 |
| 本书主要介绍了本书依据国内外近年来的最新研究成果, 以美国《蜂箱与蜜蜂》一书为主, 结合作者生产和科研实践, 翻译整理了《蜜蜂生物学》一书。书中采用了大量形象生动的高质量照片, 使读者能一目了然地了解蜜蜂生物学的现象和本质。本书从蜜蜂种群演化、个体生物学、群体生物学系统介绍了蜜蜂生物学的重要知识, 对养蜂从业者和科研工作者都具有较好的借鉴。 |
| ● |
| 相关链接 |
|
|
|
|
正题名:蜜蜂生物学
索取号:Q969.54/63
 
预约/预借
| 序号 | 登录号 | 条形码 | 馆藏地/架位号 | 状态 | 备注 |
| 1 | 1206161 | 212061613 | 第二样本阅览室/ [索取号:Q969.54/63] | 在馆 | |
| 2 | 1206162 | 212061622 | 第三借阅区/ [索取号:Q969.54/63] | 在馆 | |
| 3 | 1206163 | 212061631 | 第三借阅区/ [索取号:Q969.54/63] | 在馆 | |
| 4 | 1206164 | 212061640 | 第三借阅区/ [索取号:Q969.54/63] | 在馆 |